Geography Quiz

Random Geography or World Quiz

Sealocked, but not Landlocked Quiz Stats

 Plays Quiz not verified by Sporcle

Support Sporcle.
Go Orange.
Score 0/71 Timer 08:00
0 Plays Today
Country % Correct
Italy
86.2%
Turkey
85.1%
Egypt
84%
Latvia
84%
Finland
84%
Algeria
83%
Slovenia
83%
Albania
83%
Ukraine
83%
Estonia
83%
United Arab Emirates
83%
Greece
81.9%
Croatia
81.9%
Lithuania
81.9%
Bahrain
81.9%
Qatar
81.9%
Cyprus
80.9%
Israel
80.9%
Georgia
80.9%
Poland
80.9%
Iraq
80.9%
Bosnia and Herzegovina
80.9%
Tunisia
79.8%
Lebanon
79.8%
Bulgaria
79.8%
Monaco
79.8%
Cuba
78.7%
Dominica
78.7%
Sweden
78.7%
Malta
77.7%
Germany
77.7%
Kuwait
77.7%
Eritrea
77.7%
Djibouti
77.7%
Iran
77.7%
Cambodia
77.7%
Country % Correct
Jamaica
76.6%
Libya
76.6%
Syria
76.6%
Montenegro
76.6%
Romania
76.6%
Thailand
76.6%
Haiti
74.5%
Saint Lucia
74.5%
North Korea
74.5%
South Korea
74.5%
Saudi Arabia
74.5%
Palestine
73.4%
Brunei
73.4%
Belize
72.3%
Saint Kitts and Nevis
72.3%
Saint Vincent and the Grenadines
72.3%
Sudan
72.3%
Vietnam
72.3%
Singapore
72.3%
Belgium
71.3%
Jordan
70.2%
Panama
69.1%
Grenada
69.1%
Taiwan
69.1%
Honduras
68.1%
Trinidad and Tobago
68.1%
Malaysia
68.1%
Bangladesh
64.9%
China
64.9%
Timor Leste
63.8%
Venezuela
60.6%
Comoros
56.4%
Democratic Republic of the Congo
52.1%
Cameroon
46.8%
Samoa
36.2%

You're not logged in!

Compare scores with friends on all Sporcle quizzes.
OR
Log In

From the Vault

Images That Start with 'SP' II

by sproutcm

There's something special about these specific spobjects.
Remove Ads.
Support Sporcle.
Get the best of Sporcle when you Go Orange. This ad-free experience offers more features, more stats, and more fun while also helping to support Sporcle. Thank you for becoming a member.

Show Comments

Extras

Top Quizzes Today


Score Distribution

Your Account Isn't Verified!

In order to create a playlist on Sporcle, you need to verify the email address you used during registration. Go to your Sporcle Settings to finish the process.

Report this User

Report this user for behavior that violates our Community Guidelines.

Details: